Living folk religions (Record no. 1429826)

MARC details
000 -LEADER
fixed length control field 00463cam a2200169 i 4500
005 - DATE AND TIME OF LATEST TRANSACTION
control field 20250529111922.0
008 - FIXED-LENGTH DATA ELEMENTS--GENERAL INFORMATION
fixed length control field 221123s2023 enka b 001 0 eng
020 ## - INTERNATIONAL STANDARD BOOK NUMBER
International Standard Book Number 9781032190419
040 ## - CATALOGING SOURCE
Language of cataloging eng
Transcribing agency SDCL
084 ## - COLON CLASSIFICATION NUMBER
Classification number Q:(Y:351) R3
245 00 - TITLE STATEMENT
Title Living folk religions
300 ## - PHYSICAL DESCRIPTION
Extent xi, 351p.:
Other physical details ill.;
Dimensions 23 cm.
650 #0 - SUBJECT ADDED ENTRY--TOPICAL TERM
Topical term or geographic name entry element Folk religion.
700 1# - ADDED ENTRY--PERSONAL NAME
Personal name Borkataky-Varma, Sravana
700 1# - ADDED ENTRY--PERSONAL NAME
Personal name Ullrey, A. Michael
942 ## - ADDED ENTRY ELEMENTS (KOHA)
Source of classification or shelving scheme Colon Classification (CC)
Koha item type Textual
650 #0 - SUBJECT ADDED ENTRY--TOPICAL TERM
-- 811012
700 1# - ADDED ENTRY--PERSONAL NAME
-- 811013
700 1# - ADDED ENTRY--PERSONAL NAME
-- 811014
999 ## -
-- 1429826
-- 1429826
Holdings
Withdrawn status Lost status Source of classification or shelving scheme Damaged status Not for loan Home library Current library Date acquired Source of acquisition Inventory number Total checkouts Full call number Barcode Date last seen Price effective from Koha item type
    Colon Classification (CC)     South Campus Library South Campus Library 2025-05-22 Bright Book Service 2420, 02/01/2025, UKP 36.99   Q:(Y:351) R3 SC1808713 2025-05-22 2025-05-22 Textual
Copyright @ Delhi University Library System